Drużyny A Klasy Sieradzkiej II sezonu 2023/2024 - Statystyki

Ogólne statystyki
  • Ten quiz został rozwiązany 17 razy
  • Średni wynik to 5 z 14
Statystyki odpowiedzi
Hint Odpowiedź % Poprawnych
Klub Victoria Skomlin
100%
Klub GKS Czastary
50%
Klub GKS Siemkowice
50%
Klub KS Kraszkowice
50%
Klub LZS Krzyworzeka
50%
Klub LKS Masłowice
25%
Klub LKS Wierzchlas
25%
Klub LZS Kiełczygłów
25%
Klub LZS Kurów
25%
Klub LZS Łaszew
25%
Klub LZS Staw
25%
Klub Płomień Makowiska
25%
Klub Słowian Dworszowice
25%
Klub Zawisza Pajęczno
25%
Nie znaleziono quizów pasujących do podanych kryteriów
Rozkład punktacji
Procent ludzi z każdym wynikiem
Percentyl według liczby udzielonych odpowiedzi
Twoja historia wyników
Nie rozwiązałeś tego quizu